000 00926nam a2200229 a 4500
008 120416s1997 ||||||||||||||||| || u
020 _a0821338676
050 _aIBRD(08)TP
100 _aAyres, Wendy S
245 1 0 _aIntegrated lake and reservoir management
_cBy Wendy S. Ayres, Awa Busia, Ariel Dinar, Rafik Hirji, Stephen F. Lintner, Alex F. McCalla and Robert Robelus
246 _aWorld Bank approach and experience
260 _aWashington, D. C.
_bWorld Bank
_c1997
300 _axiii, 21p. : ill.
350 _a0.00
490 _aWorld Bank Technical Papers
650 _aWATER RESOURCES DEVELOPMENT--ACCOUNTING
650 _aLakes--Management
650 _aNATURAL RESOURCES--MANAGEMENT
650 _aRESERVOIRS--MANAGEMENT
710 _aWorld Bank
995 _D0.00
_FCBU-MAIN LIBRARY (Kitwe)
_H1
_I0.00
_M1
_UAVAILABLE
_ZInternational Publications
999 _c47132
_d47132